Statistics for Uruguay 2018 FIFA World Cup Squad

Click here to take the quiz!

General Stats

  • This quiz has been taken 545 times
    (490 since last reset)
  • The average score is 12 of 24

Answer Stats

PositionPlayerClub% Correct
FWLuis SuárezBarcelona
99%
FWEdinson CavaniParis Saint-Germain
97%
DFDiego GodínAtlético Madrid
91%
GKFernando MusleraGalatasaray
89%
DFJosé GiménezAtlético Madrid
85%
MFRodrigo BentancurJuventus
70%
FWCristhian StuaniGirona
55%
MFMatías VecinoInter Milan
53%
DFSebastián CoatesSporting CP
50%
MFLucas TorreiraSampdoria
48%
DFMartín CáceresLazio
48%
MFDiego LaxaltGenoa
46%
DFMaxi PereiraPorto
43%
MFCristian RodríguezPeñarol
38%
CoachÓscar Tabárez/
38%
FWMaxi GómezCelta Vigo
36%
MFNahitan NándezBoca Juniors
32%
DFGastón SilvaIndependiente
27%
GKMartín SilvaVasco da Gama
27%
MFCarlos SánchezMonterrey
25%
GKMartín CampañaIndependiente
22%
FWGiorgian De ArrascaetaCruzeiro
19%
DFGuillermo VarelaPeñarol
18%
FWJonathan UrretaviscayaMonterrey
11%

Score Distribution

Percentile by Number Answered

Percent of People with Each Score

Your Score History

You have not taken this quiz since the last reset